Vista normal
Vista MARC
Entrada Personal Name
Número de registros utilizados en: 2
001 - CONTROL NUMBER
- control field: 16437
003 - CONTROL NUMBER IDENTIFIER
- control field: DLC
005 - DATE AND TIME OF LATEST TRANSACTION
- control field: 20241111141718.0
008 - FIXED-LENGTH DATA ELEMENTS
- fixed length control field: 800528n| azannaabn |n aaa
010 ## - LIBRARY OF CONGRESS CONTROL NUMBER
- LC control number: n 50018816
035 ## - SYSTEM CONTROL NUMBER
- System control number: (OCoLC)oca00054254
040 ## - CATALOGING SOURCE
- Original cataloging agency: DLC
- Language of cataloging: spa
- Description conventions: rda
- Transcribing agency: Mx-PuUPA
- Modifying agency: DLC
- Modifying agency: OCoLC
- Modifying agency: DLC
- Modifying agency: Uk
- Modifying agency: IEN
- Modifying agency: NL-UtRU
- Modifying agency: Mx-PuUPA
046 ## - SPECIAL CODED DATES
- Birth date: 19010818
- Death date: 19990321
- Source of date scheme: edtf
053 #0 - LC CLASSIFICATION NUMBER
- Classification number element--single number or beginning number of span: PQ2613.U58
100 1# - HEADING--PERSONAL NAME
- Personal name: Guitton, Jean,
- Dates associated with a name: 1901-1999
370 ## - ASSOCIATED PLACE
- Place of birth: Saint-Étienne (Francia)
- Place of death: Paris (Francia)
- Source of term: naf
373 ## - ASSOCIATED GROUP
- Associated group: Escuela Normal Superior de París
- Associated group: Liceo Louis-le-Grand
- Associated group: Escuela parque
374 ## - OCCUPATION
- Occupation: Autor
375 ## - GENDER
- Gender: hombre
377 ## - ASSOCIATED LANGUAGE
- Language code: fre
670 ## - SOURCE DATA FOUND
- Source citation: Pouget, G. Le cantique des cantiques ... 1934
670 ## - SOURCE DATA FOUND
- Source citation: BnF Web OPAC, Nov. 9, 2004
- Information found: (Guitton, Jean (1901-1999); b. Saint-Etienne, Aug. 18, 1901; d. Paris, Mar. 21, 1999; agrégé de philosophie, docteur ès lettres; membre de l'Institut, Académie française, 1961)
670 ## - SOURCE DATA FOUND
- Source citation: BL database 25 July 2008
- Information found: (hdg.: Guitton, Jean Marie Pierre)
670 ## - SOURCE DATA FOUND
- Source citation: Info. converted from 678, 2012-10-02
- Information found: (b. 1901)